000 00657nam a2200229Ia 4500
999 _c49641
_d49641
001 16573
003 GE_BSU
005 20250130111353.0
008 181216s2006||||enk|||||||||||||| ||eng||
010 _a1405822589
040 _cGE_BSU
041 _aeng
080 _a811.111(075.8) F-72
100 _aFoley, Mark
_924180
245 _aTotal English : Upper Intermediate Workbook (with key) :
_bworkb. (with key a. CD-ROM) /
_cMark Foley.
264 _aHarlow :
_bPearson/Longman,
_c[2006].
300 _a82 p. :
_bill. + [1] CD ;
_c29 cm.
541 _h5ლ.
653 _aTotal English
653 _aUpper Intermediate Workbook
942 _cBK
_2udc